Statystyki dla wszystkie książki o wiedźminie

Kliknij tutaj aby rozwiązać quiz!

Ogólne statystyki

  • Ten quiz został rozwiązany 55 razy
  • Średni wynik to 7 z 8

Statystyki odpowiedzi

lptytuł% Poprawnych
4.Wiedźmin Ostatnie
życzenie
100%
5.Wiedźmin krew
elfów
91%
8.Wiedźmin Sezon
burz
87%
1.Wiedźmin Miecz
przeznaczenia
85%
7.Wiedźmin Wieża
jaskółki
85%
3.Wiedźmin pani
jeziora
83%
2.Wiedźmin Czas
pogardy
74%
6.Wiedźmin chrzest
ognia
64%

Rozkład punktacji

Percentyl według liczby udzielonych odpowiedzi

Procent ludzi z każdym wynikiem

Twoja historia wyników

Nie rozwiązałeś tego quizu